[Event "Vlissingen HZ op 23rd"]
[Site "Vlissingen"]
[Date "2019.08.07"]
[Round "6"]
[White "Van Haaften, Maarten"]
[Black "Lacrosse, Marc"]
[Result "0-1"]
[WhiteElo "1870"]
[BlackElo "2160"]
[PlyCount "36"]
[EventDate "2019.08.03"]
[EventType "swiss"]
[EventRounds "9"]
[EventCountry "NED"]
[SourceTitle "CBM 191 Extra"]
[Source "ChessBase"]
[SourceDate "2019.09.30"]
[SourceVersion "1"]
[SourceVersionDate "2019.09.30"]
[SourceQuality "1"]

1. e4 e5 2. f4 Bc5 3. Nf3 d6 4. c3 Nf6 5. d4 exd4 6. cxd4 Bb6 7. Nc3 0-0 8. Be2 Re8 9. Qd3 Nxe4 10. Nxe4 Bf5 11. Nfg5 d5 12. Nxf7 Kxf7 13. Nd6+ Qxd6 14. Qxf5+ Kg8 15. Qd3 Nc6 16. Be3 Nb4 17. Qd2 Rxe3 18. a3 Rae8 0-1

[Event "Vlissingen HZ op 21st"]
[Site "Vlissingen"]
[Date "2017.08.09"]
[Round "6"]
[White "Grochal, Joey"]
[Black "Van Haaften, Maarten"]
[Result "1-0"]
[WhiteElo "2186"]
[BlackElo "1901"]
[PlyCount "139"]
[EventDate "2017.08.05"]
[EventType "swiss"]
[EventRounds "9"]
[EventCountry "NED"]
[SourceTitle "CBM 179 Extra"]
[Source "ChessBase"]
[SourceDate "2017.08.23"]
[SourceVersion "1"]
[SourceVersionDate "2017.08.23"]
[SourceQuality "1"]

1. d4 e6 2. e4 d5 3. Nc3 Nf6 4. e5 Ne4 5. Nxe4 dxe4 6. Be3 c5 7. dxc5 Nd7 8. Qd4 Bxc5 9. Qxe4 Qa5+ 10. c3 Bxe3 11. Qxe3 Qxe5 12. Qxe5 Nxe5 13. 0-0-0 Bd7 14. h4 Ke7 15. Rh3 b5 16. f4 Nc4 17. Bxc4 bxc4 18. Rg3 Bc6 19. Rd4 Bd5 20. Nf3 g6 21. Nd2 Rac8 22. Nf1 h5 23. Ne3 Rhd8 24. Rg5 Rc5 25. Kc2 a5 26. b3 cxb3+ 27. axb3 Rdc8 28. Nxd5+ exd5 29. Re5+ Kf6 30. Rd3 a4 31. Rexd5 axb3+ 32. Kxb3 Rb8+ 33. Kc2 Rbb5 34. Rxc5 Rxc5 35. Kb3 Kf5 36. g3 Rc7 37. c4 Ke4 38. Rd5 Kf3 39. Rg5 Ke4 40. Kb4 Rb7+ 41. Kc5 Rc7+ 42. Kb5 Rc8 43. c5 f6 44. Rxg6 Kd5 45. Rxf6 Rxc5+ 46. Kb4 Rc4+ 47. Kb3 Re4 48. Kc2 Re3 49. Rg6 Rf3 50. Kd2 Ke4 51. Ke2 Ra3 52. Re6+ Kf5 53. Re5+ Kg6 54. Kf2 Ra2+ 55. Kf3 Ra3+ 56. Re3 Ra5 57. Rd3 Kf5 58. Rd8 Ra3+ 59. Kg2 Ra2+ 60. Kh3 Ke4 61. Rb8 Ra1 62. Rb3 Ra2 63. Rb4+ Kf3 64. f5 Kf2 65. f6 Ra3 66. Rf4+ Kg1 67. f7 Ra2 68. Rf1+ Kxf1 69. f8Q+ Kg1 70. Qc5+ 1-0

[Event "Vlissingen HZ op 21st"]
[Site "Vlissingen"]
[Date "2017.08.05"]
[Round "1"]
[White "Van Haaften, Maarten"]
[Black "Ikonnikov, Vyacheslav"]
[Result "0-1"]
[WhiteElo "1901"]
[BlackElo "2532"]
[PlyCount "52"]
[EventDate "2017.08.05"]
[EventType "swiss"]
[EventRounds "9"]
[EventCountry "NED"]
[SourceTitle "CBM 179 Extra"]
[Source "ChessBase"]
[SourceDate "2017.08.23"]
[SourceVersion "1"]
[SourceVersionDate "2017.08.23"]
[SourceQuality "1"]

1. e4 c5 2. Nc3 Nc6 3. f4 g6 4. Nf3 Bg7 5. Bb5 Nd4 6. Nxd4 cxd4 7. Ne2 Nf6 8. Bd3 0-0 9. 0-0 Qb6 10. Kh1 d5 11. exd5 Nxd5 12. Be4 Nf6 13. d3 Nxe4 14. dxe4 Bg4 15. Qd3 Rac8 16. f5 Bxe2 17. Qxe2 Rc6 18. e5 Qc5 19. Bf4 Qxc2 20. Qb5 Rb6 21. Qd5 gxf5 22. b3 Qe4 23. Qd7 Rg6 24. Bg3 Bh6 25. Rae1 Be3 26. Rxf5 Qg4 0-1